000 01708nam a2200433 i 4500
001 125905
003 FINmELB
005 20241217175853.0
006 m o u
007 cr cn|||||||||
008 230203s2021 sp ob 000 0 spa d
020 _a9788418929014
_qdigital
020 _z9788418929007
_qpapel
035 _a(OCoLC)1373951067
040 _aFINmELB
_bspa
_erda
_cFINmELB
050 4 _aLB2326.3
_bC358 2021
080 _a378.4:001.891
080 _a3:37(82)
082 0 4 _a378.007
_223
100 1 _aCalvo, Gladys Rosa,
_eautor.
245 1 3 _aLa formación en investigación en la universidad :
_bel caso de las carreras humanas y sociales /
_cGladys Rosa Calvo.
250 _aEdición : primera, noviembre 2021.
264 1 _aBarcelona, España ;
_aBuenos Aires, Argentina :
_bMiño y Dávila Editores,
_c[2021]
264 4 _c©2022
300 _a1 recurso en línea
336 _atexto
_btxt
_2rdacontent/spa
337 _acomputadora
_bc
_2rdamedia/spa
338 _arecurso en línea
_bcr
_2rdacarrier/spa
490 1 _aIdeas en debate. Serie educación
504 _aBibliografía: páginas 259-271.
588 _aDescripción basada en metadatos suministrados por el editor y otras fuentes.
590 _aRecurso electrónico. Santa Fe, Arg.: elibro, 2023. Disponible vía World Wide Web. El acceso puede estar limitado para las bibliotecas afiliadas a elibro.
650 4 _aUniversidades
_xActividad científica.
650 4 _aCiencias sociales
_xEstudio y enseñanza.
655 4 _aLibros electrónicos.
797 2 _aelibro, Corp.
830 0 _aIdeas en debate. Serie educación.
856 4 0 _uhttps://elibro.net/ereader/politecnicointernacional/215929
999 _c125905
_d125905